| 000 | 00842nam a22002177a 4500 | ||
|---|---|---|---|
| 005 | 20240530110611.0 | ||
| 008 | 161116s2014 ua g b 000 0bara d | ||
| 017 |
_a2014/21670 _bمصر. دار الكتب |
||
| 020 | _a9789778503012 | ||
| 040 |
_aEG-CaGPL _cEG-CaGPL |
||
| 082 | 0 | 4 |
_221 _a907.20203\ _bم م |
| 100 | 0 | _aمصطفى عبد الغني | |
| 245 | 1 | 0 |
_aمعجم مؤرخي التاريخ العربي الحديث و المعاصر / _cمصطفى عبد الغني |
| 250 | _aط.1 | ||
| 260 |
_aالقاهرة : _bدار الجوهرة للنشر والتوزيع ، _c2014 . |
||
| 300 |
_a2 جزء ؛ _c24 سم . |
||
| 500 | _aالجزء الاول . أ - ط -- الجزء الثانى . ع - ى . | ||
| 650 | 0 | 7 |
_2qrmak _aالمؤرخون _vمعاجم |
| 942 |
_2ddc _cBK |
||
| 999 |
_c62854 _d62854 |
||